Statistics for Michael Jordan Trivia (NBA)

Click here to take the quiz!

General Stats

  • This quiz has been taken 74 times
  • The average score is 12 of 15

Answer Stats

HintAnswer% Correct
How many times did Jordan retire?2 times
100%
How many championships does Jordan have?6
100%
How many FMVPs does Jordan have?6
100%
How many MVPs does Jordan have?6
100%
Did Jordan get accepted to his high school team?no
100%
On the bulls, what two numbers did Jordan have?23 and 45
98%
How many teams did Jordan play for?3
98%
What movie did we see Jordan play in?space jam
94%
What did Jordan leave basketball to go do?baseball
92%
What year did Jordan win his 3rd championship?1993
91%
What number did Jordan have for team USA?9
85%
In 1988, where did Jordan jump from for his famous dunk?free-throw
77%
How many shoes does Jordan have?26
32%
What's Jordans title to his career?The GOAT
9%
What was Jordans favorite Jordan to play in?Jordan 11s
6%

Score Distribution

Percentile by Number Answered

Percent of People with Each Score

Your Score History

You have not taken this quiz